000 00389nam a2200157Ia 4500
005 20260427110502.0
008 231207s9999 xx 000 0 und d
040 _cPK-LaNCA
082 _a080
_bWAZ
100 _aWazir Agha
245 0 _aNae mukal-e-maat
_bنئے مکالمات
260 _bJumhoori Publications
_aLahore
_c2010
300 _a200p
650 _aInterviews
942 _cBK
999 _c30338
_d30338